| 000 | 00440nam a2200181Ia 4500 | ||
|---|---|---|---|
| 005 | 20240913125449.0 | ||
| 008 | 240913s9999||||xx |||||||||||||| ||und|| | ||
| 041 | _aENGLISH | ||
| 082 | _A623.8 P5 | ||
| 100 | _aDubey C L | ||
| 245 | 0 | _aAdvanced Ship Stability for Marine Officers | |
| 250 | _a1st | ||
| 260 |
_c2005 _bMarine Aid Pub,M _aMumbai |
||
| 500 | _aREFERENCE | ||
| 650 |
_aShipping _bMarine |
||
| 942 | _cREF | ||
| 999 |
_c245597 _d245597 |
||